00764nam a2200253 a 4500001001300000003000900013005001700022008004100039020001000080082001700090100001800107245003400125260003800159300000900197500003500206505001000241650001800251700001800269902000800287942000700295952009600302952009700398999001500495nice12345678IN_TiNIC20260116011545.0050524s1883 lona grp 000 0 eng  ac10000a297.09bMUI1 aMuir, William aAnnals of the Early Caliphate aLondonbSmith Elder and Co.c1883 a470p aincludes index and biblioraphy2 aIndex aIslam-History1 aMuir, William bRBA cBK 00104070aHMIbHMId0000-00-00g100.00l0o297.09 MUI1p456r0000-00-00w2026-01-16yARB 00104070aHMIbHMId0000-00-00g100.00l0o297.09 MUI1p12135r0000-00-00w2026-01-16yEB c2599d2599